| 000 | 00628nam a2200205 a 4500 | ||
|---|---|---|---|
| 005 | 20240925070049.0 | ||
| 008 | 010911s2001 es r 000 0 spa d | ||
| 020 | _a8477388741 | ||
| 035 | _aUPN01000111269 | ||
| 049 | _aCG | ||
| 050 | 4 |
_aLC272 _bC3.4 |
|
| 245 | 1 | 0 |
_aCómo educar en valores / _cJosé María Quintana Cabanas ... [et al.] ; ed. José María Méndez. |
| 260 |
_aMadrid : _bSíntesis, _c2001. |
||
| 300 | _a174 p. | ||
| 650 | 4 |
_aEducación moral _91396 |
|
| 650 | 4 |
_aValores _9308 |
|
| 700 | 1 |
_aQuintana Cabanas, José María, _d1930- _ecoaut. _929589 |
|
| 700 | 1 |
_aMéndez, José María, _eed. |
|
| 905 | _aLibro | ||
| 999 |
_c85178 _d85178 |
||